[Event "SVK-chT1E 1920"]
[Site "Slovakia"]
[Date "2020.06.20"]
[Round "10.6"]
[White "Timko, Milan"]
[Black "Harvan, Martin"]
[Result "0-1"]
[WhiteElo "2009"]
[BlackElo "2082"]
[PlyCount "104"]
[EventDate "2019.10.12"]
[EventType "team-tourn"]
[EventRounds "11"]
[EventCountry "SVK"]
[SourceTitle "EXT 2022"]
[Source "ChessBase"]
[SourceDate "2021.10.06"]
[SourceVersion "1"]
[SourceVersionDate "2021.10.06"]
[SourceQuality "1"]
[WhiteTeam "Kosice 1 CC"]
[BlackTeam "Humenne Reinter II"]
[WhiteTeamCountry "SVK"]
[BlackTeamCountry "SVK"]

1. d4 Nf6 2. Bf4 d5 3. e3 e6 4. Nf3 c5 5. c3 Nbd7 6. Nbd2 a6 7. Bd3 Be7 8. Ne5 Nxe5 9. dxe5 Nd7 10. h4 b5 11. Qg4 Bf8 12. Nf3 Qc7 13. a3 c4 14. Bc2 Nc5 15. Rd1 Bb7 16. Ke2 0-0-0 17. Bg5 Re8 18. h5 h6 19. Bh4 Nd7 20. Qf4 Nc5 21. Rd4 Bc6 22. Qg3 Kb7 23. Nd2 Ra8 24. Rd1 Nd7 25. Nf3 a5 26. Rf4 Nc5 27. Nd4 Be8 28. Rg4 f6 29. exf6 Bxh5 30. Qxc7+ Kxc7 31. f3 Bxg4 32. fxg4 gxf6 33. Bxf6 Rg8 34. Kf3 Kb6 35. Bh7 Bd6 36. Bxg8 Rxg8 37. Rf1 Rf8 38. Ke2 Rg8 39. Kf3 Ne4 40. Bh4 Nd2+ 41. Ke2 Nxf1 42. Kxf1 Rxg4 43. Bd8+ Bc7 44. Bxc7+ Kxc7 45. Nxe6+ Kb6 46. Nf4 Kc6 47. Ne2 Kc5 48. Nd4 b4 49. axb4+ axb4 50. Ne6+ Kb5 51. Nc7+ Kc6 52. Ne6 b3 0-1

[Event "SVK-chT2D 1617"]
[Site "Slovakia"]
[Date "2017.03.12"]
[Round "11.3"]
[White "Husek, Zdenek"]
[Black "Harvan, Martin"]
[Result "1/2-1/2"]
[WhiteElo "1909"]
[BlackElo "2092"]
[PlyCount "33"]
[EventDate "2016.10.08"]
[EventType "team-tourn"]
[EventRounds "11"]
[EventCountry "SVK"]
[SourceTitle "EXT 2019"]
[Source "ChessBase"]
[SourceDate "2018.10.10"]
[SourceVersion "1"]
[SourceVersionDate "2018.10.10"]
[SourceQuality "1"]
[WhiteTeam "Kosice Slavia UPJS III"]
[BlackTeam "Humenne Reinter II"]
[WhiteTeamCountry "SVK"]
[BlackTeamCountry "SVK"]

1. d4 Nf6 2. c4 e6 3. Nc3 d5 4. Bg5 Be7 5. Nf3 0-0 6. e3 b6 7. cxd5 Nxd5 8. Bxe7 Qxe7 9. Bd3 Bb7 10. 0-0 Nd7 11. a3 c5 12. Nxd5 exd5 13. Rc1 c4 14. Bf5 Nf6 15. Ne5 g6 16. Bb1 b5 17. f4 1/2-1/2

[Event "SVK-chT2D 1617"]
[Site "Slovakia"]
[Date "2016.10.08"]
[Round "1.2"]
[White "Harvan, Martin"]
[Black "Hotak, Marian"]
[Result "1-0"]
[WhiteElo "2092"]
[BlackElo "2049"]
[PlyCount "103"]
[EventDate "2016.10.08"]
[EventType "team-tourn"]
[EventRounds "11"]
[EventCountry "SVK"]
[SourceTitle "EXT 2018"]
[Source "ChessBase"]
[SourceDate "2017.10.13"]
[SourceVersion "1"]
[SourceVersionDate "2017.10.13"]
[SourceQuality "1"]
[WhiteTeam "Humenne Reinter II"]
[BlackTeam "Spisska Nova Ves"]
[WhiteTeamCountry "SVK"]
[BlackTeamCountry "SVK"]

1. Nf3 g6 2. g3 Bg7 3. Bg2 d6 4. d4 Nf6 5. 0-0 0-0 6. Re1 c5 7. e4 cxd4 8. Nxd4 Nc6 9. c3 Rb8 10. Na3 Bg4 11. f3 Bd7 12. Be3 a6 13. Kh1 b5 14. Nac2 Ne5 15. Bg1 Nc4 16. b3 Nb6 17. Qd2 Qc7 18. Nb4 Qc8 19. Rac1 a5 20. Nd3 e5 21. Nc2 Rd8 22. Be3 d5 23. Nxe5 dxe4 24. Nxd7 Nbxd7 25. fxe4 Nc5 26. Bd4 Ng4 27. Qe2 Ne5 28. Rcd1 Ne6 29. Ba7 Rb7 30. Rxd8+ Nxd8 31. Bd4 Ne6 32. Rd1 h5 33. Ne3 b4 34. cxb4 Rxb4 35. Bb2 a4 36. Nd5 Rb7 37. b4 Qa8 38. a3 Qa7 39. Rc1 Rb8 40. Rf1 Kh8 41. b5 Qd7 42. b6 Nc5 43. Bc3 Ncd3 44. Rd1 Qg4 45. Qxg4 hxg4 46. Kg1 Kg8 47. Kf1 Kf8 48. Ke2 Nc5 49. Bb4 Ned7 50. Rc1 Bd4 51. Rc4 Bg1 52. Kf1 1-0

[Event "SVK-chT1E 1314"]
[Site "Slovakia"]
[Date "2014.03.02"]
[Round "9.5"]
[White "Harvan, Martin"]
[Black "Zvarikova, Alexandra"]
[Result "0-1"]
[WhiteElo "2152"]
[BlackElo "2001"]
[PlyCount "86"]
[EventDate "2013.10.12"]
[EventType "team-tourn"]
[EventRounds "11"]
[EventCountry "SVK"]
[SourceTitle "EXT 2015"]
[Source "ChessBase"]
[SourceDate "2014.11.20"]
[SourceVersion "1"]
[SourceVersionDate "2014.11.20"]
[SourceQuality "1"]
[WhiteTeam "Humenne"]
[BlackTeam "Zilina Mladost"]
[WhiteTeamCountry "SVK"]
[BlackTeamCountry "SVK"]

1. e4 e6 2. d4 d5 3. exd5 exd5 4. Nf3 Bg4 5. Be2 Bd6 6. h3 Bf5 7. c4 dxc4 8. Qa4+ c6 9. Qxc4 Ne7 10. Nc3 Nd7 11. 0-0 Nb6 12. Qb3 0-0 13. Re1 Ned5 14. Nxd5 Nxd5 15. Bd3 Bxd3 16. Qxd3 f6 17. Bd2 Qd7 18. Nh4 Rfe8 19. Nf5 Bc7 20. Qf3 Kh8 21. h4 Bf4 22. Ne3 Nxe3 23. Bxe3 Bc7 24. Rad1 Ba5 25. Rf1 Rad8 26. a3 Qd5 27. Qxd5 Rxd5 28. g3 Red8 29. Rc1 Bb6 30. Rc4 Kg8 31. Rc5 Bxc5 32. dxc5 Rd1 33. Rxd1 Rxd1+ 34. Kg2 Kf7 35. Kf3 Ke6 36. Ke4 f5+ 37. Kf4 Re1 38. h5 Re2 39. Kg5 Ke5 40. Bf4+ Ke4 41. f3+ Kxf3 42. Kxf5 Rxb2 43. g4 g6+ 0-1

[Event "SVK-chT1E 1314"]
[Site "Slovakia"]
[Date "2013.12.14"]
[Round "5.5"]
[White "Najgebauer, Szemjon"]
[Black "Harvan, Martin"]
[Result "1-0"]
[WhiteElo "2214"]
[BlackElo "2152"]
[PlyCount "59"]
[EventDate "2013.10.12"]
[EventType "team-tourn"]
[EventRounds "11"]
[EventCountry "SVK"]
[SourceTitle "EXT 2015"]
[Source "ChessBase"]
[SourceDate "2014.11.20"]
[SourceVersion "1"]
[SourceVersionDate "2014.11.20"]
[SourceQuality "1"]
[WhiteTeam "Michalovce Zemplin"]
[BlackTeam "Humenne"]
[WhiteTeamCountry "SVK"]
[BlackTeamCountry "SVK"]

1. d4 d5 2. c4 c6 3. Nf3 Nf6 4. e3 e6 5. Nc3 Nbd7 6. Qc2 Be7 7. Bd3 0-0 8. 0-0 b6 9. e4 dxe4 10. Nxe4 Bb7 11. Rd1 Nxe4 12. Bxe4 Nf6 13. Bd3 g6 14. c5 b5 15. Bg5 Nd5 16. Bxe7 Qxe7 17. Qd2 Kg7 18. Re1 a5 19. Re5 Qf6 20. Re4 Rh8 21. Rae1 h6 22. Rg4 h5 23. Rge4 h4 24. Ne5 h3 25. g3 Rh5 26. Be2 Rhh8 27. Bf3 b4 28. Rg4 Ba6 29. Bxd5 cxd5 30. Rf4 1-0

[Event "SVK-chT1E 1314"]
[Site "Slovakia"]
[Date "2013.11.16"]
[Round "3.5"]
[White "Haring, Viktor"]
[Black "Harvan, Martin"]
[Result "1-0"]
[WhiteElo "2109"]
[BlackElo "2152"]
[PlyCount "55"]
[EventDate "2013.10.12"]
[EventType "team-tourn"]
[EventRounds "11"]
[EventCountry "SVK"]
[SourceTitle "EXT 2015"]
[Source "ChessBase"]
[SourceDate "2014.11.20"]
[SourceVersion "1"]
[SourceVersionDate "2014.11.20"]
[SourceQuality "1"]
[WhiteTeam "Banska Bystrica TH"]
[BlackTeam "Humenne"]
[WhiteTeamCountry "SVK"]
[BlackTeamCountry "SVK"]

1. e4 c5 2. Nf3 d6 3. d4 cxd4 4. Nxd4 a6 5. Nc3 Nf6 6. Be3 e5 7. Nb3 Be7 8. f3 Be6 9. Qd2 d5 10. exd5 Nxd5 11. Nxd5 Qxd5 12. Qxd5 Bxd5 13. 0-0-0 Be6 14. Nc5 Bc8 15. Bc4 0-0 16. Rhe1 Nc6 17. Nd7 Re8 18. Bb6 Bf6 19. f4 Re7 20. Nxe5 Bxe5 21. Rxe5 Rxe5 22. fxe5 Bg4 23. Re1 Re8 24. Bc7 b5 25. Bd5 Nb4 26. Bb3 Bf5 27. Bd6 Rc8 28. Bxb4 1-0

[Event "SVK-chT2A 0506"]
[Site "Slovakia"]
[Date "2005.10.23"]
[Round "2.5"]
[White "Harvan, Martin"]
[Black "Petreje, Juraj"]
[Result "1/2-1/2"]
[WhiteElo "2131"]
[BlackElo "2181"]
[PlyCount "60"]
[EventDate "2005.10.22"]
[EventType "team-tourn"]
[EventRounds "11"]
[EventCountry "SVK"]
[SourceTitle "EXT 2009"]
[Source "ChessBase"]
[SourceDate "2008.11.26"]
[SourceVersion "1"]
[SourceVersionDate "2008.11.26"]
[SourceQuality "1"]

1. e4 d5 2. exd5 Qxd5 3. Nc3 Qd8 4. d4 Nf6 5. Nf3 g6 6. Bc4 Bg7 7. 0-0 0-0 8. h3 a6 9. a4 b6 10. Re1 Bb7 11. Bg5 Nbd7 12. Ne5 h6 13. Bxf6 Nxf6 14. Nxg6 Re8 15. Ne5 e6 16. Re3 Qd6 17. Rg3 Qb4 18. Qe2 Rad8 19. Rd1 Kf8 20. b3 Rd6 21. Bxa6 Bxa6 22. Qxa6 Rxd4 23. Rxd4 Qxd4 24. Nc6 Qf4 25. Qd3 e5 26. Nb5 Qc1+ 27. Kh2 e4 28. Qc4 Qf4 29. Kg1 Qc1+ 30. Kh2 Qf4 1/2-1/2

[Event "SVK-chT 9697"]
[Site "Slovakia"]
[Date "1997.??.??"]
[Round "10"]
[White "Harvan, Martin"]
[Black "Blazek, Milos"]
[Result "1/2-1/2"]
[WhiteElo "2105"]
[BlackElo "2105"]
[PlyCount "81"]
[EventDate "1996.??.??"]
[EventType "team"]
[EventRounds "11"]
[EventCountry "SVK"]
[SourceTitle "EXT 1998"]
[Source "ChessBase"]
[SourceDate "1997.11.17"]
[SourceVersion "1"]
[SourceVersionDate "1997.11.17"]
[SourceQuality "1"]

1. e4 e5 2. Nf3 Nc6 3. Bb5 a6 4. Ba4 Nf6 5. 0-0 Be7 6. Re1 b5 7. Bb3 0-0 8. c3 d5 9. exd5 Nxd5 10. Nxe5 Nxe5 11. Rxe5 c6 12. Qf3 Bd6 13. Bxd5 cxd5 14. Re1 Qh4 15. h3 Be6 16. d4 Rae8 17. Bd2 g5 18. Qf6 Be7 19. Qe5 g4 20. hxg4 Bxg4 21. Qxd5 Kh8 22. Qe5+ Bf6 23. Qh2 Rxe1+ 24. Bxe1 Re8 25. Nd2 Qg5 26. Qg3 Qh5 27. f3 Bf5 28. Qh2 Qg6 29. Qg3 Qh6 30. Nf1 Bg5 31. Qh2 Qg6 32. Bg3 Re2 33. Re1 Rxb2 34. Ne3 Bxe3+ 35. Rxe3 Rxa2 36. Qh4 f6 37. Qf4 Ra1+ 38. Kf2 Ra2+ 39. Kg1 Ra1+ 40. Kf2 Ra2+ 41. Kg1 1/2-1/2

[Event "SVK-chT 9697"]
[Site "Slovakia"]
[Date "1997.??.??"]
[Round "4"]
[White "Harvan, Martin"]
[Black "Hudoba, Ondrej"]
[Result "0-1"]
[WhiteElo "2105"]
[BlackElo "2265"]
[PlyCount "50"]
[EventDate "1996.??.??"]
[EventType "team"]
[EventRounds "11"]
[EventCountry "SVK"]
[SourceTitle "EXT 1998"]
[Source "ChessBase"]
[SourceDate "1997.11.17"]
[SourceVersion "1"]
[SourceVersionDate "1997.11.17"]
[SourceQuality "1"]

1. e4 e5 2. Nf3 Nc6 3. Nc3 Nf6 4. Bc4 Nxe4 5. Nxe4 d5 6. Bxd5 Qxd5 7. Nc3 Qa5 8. d3 Bg4 9. h3 Bh5 10. g4 Bg6 11. Bd2 0-0-0 12. a3 Nd4 13. b4 Bxb4 14. axb4 Nxf3+ 15. Kf1 Nxd2+ 16. Ke2 Qb6 17. Qxd2 e4 18. d4 Rxd4 19. Qe3 Kb8 20. Nxe4 Qb5+ 21. Ke1 Rxb4 22. Nc5 Rb1+ 23. Kd2 Rd8+ 24. Nd3 Rxa1 25. Rxa1 Rxd3+ 0-1

[Event "SVK-chT 9697"]
[Site "Slovakia"]
[Date "1997.??.??"]
[Round "3"]
[White "Harvan, Martin"]
[Black "Szamos, Alexander"]
[Result "0-1"]
[WhiteElo "2105"]
[BlackElo "2260"]
[PlyCount "66"]
[EventDate "1996.??.??"]
[EventType "team"]
[EventRounds "11"]
[EventCountry "SVK"]
[SourceTitle "EXT 1998"]
[Source "ChessBase"]
[SourceDate "1997.11.17"]
[SourceVersion "1"]
[SourceVersionDate "1997.11.17"]
[SourceQuality "1"]

1. e4 c5 2. Nf3 d6 3. d4 cxd4 4. Nxd4 Nf6 5. Nc3 Nc6 6. Be2 e6 7. 0-0 Be7 8. Be3 a6 9. f4 Qc7 10. Bf3 Bd7 11. Qe1 Rd8 12. Kh1 0-0 13. Qg3 Ne8 14. Nce2 Bf6 15. c3 Ne7 16. Qf2 Rc8 17. Rad1 b5 18. g4 Nc6 19. g5 Be7 20. Nxc6 Bxc6 21. Nd4 Bb7 22. f5 e5 23. Ne2 f6 24. h4 d5 25. exd5 Nd6 26. g6 hxg6 27. fxg6 f5 28. h5 f4 29. Bb6 Qd7 30. Qg2 Nc4 31. Bg4 Qd6 32. Be6+ Qxe6 33. dxe6 Bxg2+ 0-1